书目信息 |
| 题名: |
划线工手册
|
|
| 作者: | 石治源 编 | |
| 分册: | ||
| 出版信息: | 沈阳 辽宁人民出版社 1979 |
|
| 页数: | 443页 | |
| 开本: | 19cm | |
| 丛书名: | ||
| 单 册: | ||
| 中图分类: | TG931-62 | |
| 科图分类: | ||
| 主题词: | 钳工-划线--手册 , 划线-钳工--手册 | |
| 电子资源: | ||
| ISBN: | ||
| 000 | 00616nam0 2200241 45 | |
| 001 | 0179005308 | |
| 005 | 20040914090438.2 | |
| 010 | @dCNY1.15 | |
| 091 | @a15090.49 | |
| 100 | @a19950731d1979 em y0chiy0121 ea | |
| 101 | 0 | @achi |
| 102 | @aCN@b210000 | |
| 105 | @ay z 000yy | |
| 106 | @ar | |
| 200 | 10 | @a划线工手册@Ahua xian gong shou ce@f石治源编@FShi Zhi Yuan Bian |
| 210 | @a沈阳@c辽宁人民出版社@d1979 | |
| 215 | @a443页@d19cm | |
| 606 | @a钳工-划线@x手册 | |
| 606 | @a划线-钳工@x手册 | |
| 690 | @aTG931-62@v3 | |
| 701 | 0 | @a石治源@4编 |
| 801 | 0 | @aCN@bNLC@c20040914 |
| 905 | @f1@b63244@dTG931-62@e9 | |
| 划线工手册/石治源编.-沈阳:辽宁人民出版社,1979 |
| 443页;19cm |
| ISBN :CNY1.15 |
| ● |
| 相关链接 |
|
|
|
|
正题名:划线工手册
索取号:TG931-62/9
 
预约/预借
| 序号 | 登录号 | 条形码 | 馆藏地/架位号 | 状态 | 备注 |
| 1 | 0063243 | 001363223 | 第二样本阅览室/ [索取号:TG931-62/9] | 在馆 | |
| 2 | 0063244 | 001363269 | 第三借阅区/ [索取号:TG931-62/9] | 在馆 |